Govt. of
Madhya Pradesh

Elites (Record no. 14346)

MARC details
000 -LEADER
fixed length control field 005450000a22001930004500
001 - CONTROL NUMBER
control field 002434
003 - CONTROL NUMBER IDENTIFIER
control field MACL
005 - DATE AND TIME OF LATEST TRANSACTION
control field 20150704115903.0
008 - FIXED-LENGTH DATA ELEMENTS--GENERAL INFORMATION
fixed length control field 150704b xxu||||| |||| 00| 0 eng d
040 ## - CATALOGING SOURCE
Original cataloging agency MACL
Transcribing agency MACL
041 ## - LANGUAGE CODE
Language code of text/sound track or separate title English
082 ## - DEWEY DECIMAL CLASSIFICATION NUMBER
Classification number 300/THA
100 ## - MAIN ENTRY--PERSONAL NAME
Personal name Thakur R.N
9 (RLIN) 513
245 ## - TITLE STATEMENT
Title Elites
Remainder of title Paradigm and Change in Transnational Perspective:Contemporary social science series
260 ## - PUBLICATION, DISTRIBUTION, ETC. (IMPRINT)
Place of publication, distribution, etc. Kolkata
Date of publication, distribution, etc. 1988
Name of publisher, distributor, etc. Indian Institute Of Public Adminstration,
350 ## - PRICE (NR) (BK AM CF MU VM SE) [OBSOLETE]
Price 150
650 ## - SUBJECT ADDED ENTRY--TOPICAL TERM
Topical term or geographic name as entry element Social Science
9 (RLIN) 29
942 ## - ADDED ENTRY ELEMENTS (KOHA)
Call number prefix 300
Koha item type Books
Source of classification or shelving scheme
Holdings
Withdrawn status Lost status Source of classification or shelving scheme Damaged status Not for loan Home library Current library Date acquired Cost, normal purchase price Total Checkouts Full call number Barcode Date last seen Uniform Resource Identifier Price effective from Koha item type
          MACL MACL 15/04/2015 150.00   300/THA CRE018379 02/05/2024 14229 15/04/2015 Books